Statistics for Groups of Animals Quiz (Hard)

Click here to take the quiz!

General Stats

  • This quiz has been taken 87 times
  • The average score is 12 of 33

Answer Stats

Name of groupAnimal% Correct
SwarmBees
90%
MurderCrows
90%
SchoolFish
90%
PrideLios
90%
GaggleGeese
76%
KennelDogs
69%
TowerGiraffes
53%
ParliamentOwls
53%
AmbushTigers
49%
PricklePorcupines
47%
ShiverSharks
47%
CaravanCamels
46%
ParadeElephants
44%
CrashRhinoceros
44%
StenchSkunks
42%
CackleHyenas
37%
StandFlamingos
31%
ArmyFrogs
29%
PaceDonkeys
19%
SmackJellyfish
19%
DazzleZebras
19%
FamilyOtters
17%
BaskCrocodiles
15%
Troop or MobKangaroos
15%
QuiverCobras
14%
TribeGoats
12%
CloudBats
10%
FeverStingrays
10%
LaborMoles
8%
HoodSnails
7%
BusinessFerrets
5%
KindleKittens
5%
AudienceSquid
5%

Score Distribution

Percentile by Number Answered

Percent of People with Each Score

Your Score History

You have not taken this quiz